000 00867nas1a22001931i 4500
001 rc\170289
005 20240723212329.0
035 _a(NLR Aleph) 005616649
090 _a6460307
_c6460307
100 _a20030307a19919999u |0rusy50 ca
101 0 _arus
102 _aRU
200 1 _aОпыт работы предприятий железнодорожного транспорта по повышению доходности эксплуатационной и подсобно-вспомогательной деятельности
_fЦНИИ информ. техн.-экон. исслед. и пропаганды ж.-д. трансп. (ЦНИИ ТЭИ МПС)
210 _aМ.
_d1991-
300 _aВ надзаг. также: М-во путей сообщ. СССР
801 0 _aRU
_bNLR
_gpsbo
801 1 _aRU
_bELAR
_2rusmarc
852 _aNLR
_jП22/6078
942 _cSE